Southville International School and Colleges
Your cart is empty.
  • Cart
  • Lists
    Public lists Eva Luna New books Lux_list list_1
    Your lists Log in to create your own lists
  • Log in to your account
  • Your cookies
  • Search history
Southville International School and Colleges
  • Advanced search
  • Recent comments
  • Most popular
  • Libraries

Log in to your account

Log in with GOOGLE


If you do not have an external account, but do have a local account, you can still log in:

  1. Home
  2. MARC view: Now we get it! :
Normal view MARC view ISBD view

Now we get it! : (Record no. 39762)

[ view plain ]
MARC details
000 -LEADER
fixed length control field 00918nam a2200277 a 4500
005 - DATE AND TIME OF LATEST TRANSACTION
control field 20140311163042.0
008 - FIXED-LENGTH DATA ELEMENTS--GENERAL INFORMATION
fixed length control field 120824s19uu xx 00 eng d
020 ## - INTERNATIONAL STANDARD BOOK NUMBER
International Standard Book Number 9781118026090
050 ## - LIBRARY OF CONGRESS CALL NUMBER
Classification number LB 3061.3
Item number .H68 2012
100 ## - MAIN ENTRY--PERSONAL NAME
Personal name Klingner, Janette
245 ## - TITLE STATEMENT
Title Now we get it! :
Remainder of title boosting comprehension with collaborative strategic reading /
Statement of responsibility, etc Janette K. Klingner, [et al.].
250 ## - EDITION STATEMENT
Edition statement 1st ed.
260 ## - PUBLICATION, DISTRIBUTION, ETC. (IMPRINT)
Place of publication, distribution, etc San Francisco, CA :
Name of publisher, distributor, etc Jossey-Bass,
Date of publication, distribution, etc 2012.
300 ## - PHYSICAL DESCRIPTION
Extent 187 p. :
Other physical details ill. ;
Dimensions 26 cm.
520 ## - SUMMARY, ETC.
Summary, etc Includes bibliographical references and index
521 ## - TARGET AUDIENCE NOTE
Target audience note
650 ## - SUBJECT ADDED ENTRY--TOPICAL TERM
Topical term or geographic name as entry element Mixed ability grouping in education
General subdivision United States
650 ## - SUBJECT ADDED ENTRY--TOPICAL TERM
Topical term or geographic name as entry element Reading
General subdivision United States
650 ## - SUBJECT ADDED ENTRY--TOPICAL TERM
Topical term or geographic name as entry element Reading comprehension
650 ## - SUBJECT ADDED ENTRY--TOPICAL TERM
Topical term or geographic name as entry element Classroom management
General subdivision United States
700 ## - ADDED ENTRY--PERSONAL NAME
Personal name Vaughn, Sharon
700 ## - ADDED ENTRY--PERSONAL NAME
Personal name Boardman, Alison
700 ## - ADDED ENTRY--PERSONAL NAME
Personal name Swanson, Elizabeth
942 ## - ADDED ENTRY ELEMENTS (KOHA)
Koha item type Books
Source of classification or shelving scheme Library of Congress Classification
Call number prefix Foreign
Holdings
Withdrawn status Lost status Source of classification or shelving scheme Damaged status Home library Current library Shelving location Date acquired Cost, normal purchase price Total Checkouts Full call number Barcode Date last seen Copy number Price effective from Koha item type
    Library of Congress Classification   College Library College Library Reserve Section 08/24/2012 2546.00   LB 3061.3 .H68 2012 C15162 05/15/2018 1 10/18/2013 Books

Now we get it! :

APA

Klingner J., Vaughn S., Boardman A. & Swanson E. (2012). Now we get it!. San Francisco, CA: Jossey-Bass.

Chicago

Klingner Janette, Vaughn Sharon, Boardman Alison and Swanson Elizabeth. 2012. Now we get it!. San Francisco, CA: Jossey-Bass.

Harvard

Klingner J., Vaughn S., Boardman A. and Swanson E. (2012). Now we get it!. San Francisco, CA: Jossey-Bass.

MLA

Klingner Janette, Vaughn Sharon, Boardman Alison and Swanson Elizabeth. Now we get it!. San Francisco, CA: Jossey-Bass. 2012.

  • Place hold
  • Print
  • Cite
  • Add to your cart (remove)
  • Save record
    BIBTEX Dublin Core MARCXML MARC (non-Unicode/MARC-8) MARC (Unicode/UTF-8) MARC (Unicode/UTF-8, Standard) MODS (XML) RIS
  • More searches
    Search for this title in:
    Other Libraries (WorldCat) Other Databases (Google Scholar) Online Stores (Bookfinder.com) Open Library (openlibrary.org)

Exporting to Dublin Core...

SOUTHVILLE LIBRARY

Southville International School and Colleges Library

1281 Tropical Ave. Cor. Luxembourg St., BF Homes International, Las Pinas City

Tel. No. 8256374 / 252358 Loc. 117/146

Powered by Koha